000 01035cam a2200265 a 4500
001 000015163
005 20200929163954.0
008 850227s1968 sp 000 0 spa d
040 _aDO-SdBNP
_bspa
_cLC
_dBNPHU
082 _a262.9
_bT113d, 1968
100 1 _aTabera Araoz, Arturo,
_d1903-1975
_934327
245 1 0 _aDerecho de los religiosos :
_bmanual teórico práctica /
_cArturo Tabera Araoz, Gregorio Martínez de Antoñana y Gerardo Escudero ; prólogo de Arcadio María Larraona.
250 _a6a ed.
260 _aMadrid :
_bCoculsa,
_c1968.
300 _a619 p. ;
_c24 cm.
504 _aIncluye referencias bibliográficas y notas al pie de las páginas.
650 4 _aDerecho canónico
_934328
650 4 _aOrdenes religiosas
_97137
650 4 _aOrdenes religiosas (derecho canónico)
_934329
700 1 _aMartínez de Antoñana, Gregorio.
_934330
700 1 _aEscudero, Gerardo.
_934331
700 1 _aLarraona, Arcado María,
_epról.
_934332
910 _aCatalogación derivada / LC
999 _a1
_n0000101
_c14734
_d14734
049 _aBNGR